000
00340nam a22001457a 4500
008
230907b ||||| |||| 00| 0 eng d
020
_a
088202048
041
_a
eng
080
_a
101
082
_a
101STE
100
_a
44
101
_a
FILOZ
245
_a
THE DEVELOPMENT OF NEWTONIAN OPTICS IN ENGLAND
_c
STEFFENS .J.H
942
_2
udc
_c
BK
999
_c
60296
_d
60296